| 000 | 00774nam a2200241Ia 4500 | ||
|---|---|---|---|
| 003 | OSt | ||
| 005 | 20221006153753.0 | ||
| 006 | a|||||r|||| 00| 0 | ||
| 007 | ta | ||
| 008 | 221006b |||||||| |||| 00| 0 chi d | ||
| 024 | _a33,297 | ||
| 037 | _cAnnuals, Advances | ||
| 040 |
_aEASL _cEASL _bchi |
||
| 041 |
_2chi _achi |
||
| 082 | _aY:1.49B0j19M, P6 | ||
| 100 |
_aWAUCHOPE Samantha Ed. _9665378 |
||
| 245 | 0 |
_aCulural Diversity and Transversal Values _b East-West Dialogue on Spiritual and Secular Dynamics |
|
| 260 |
_aJapan _bInternational Research Center for Japanese Studies Research _c2006 |
||
| 300 |
_avii,210p. _ccm. |
||
| 490 | _v Oth | ||
| 942 |
_hY:1.49B0j19M, P6 _cREF _2CC |
||
| 999 |
_c1101383 _d1101383 |
||